00710nam a2200193 a 450000100100000000500170001000800410002702000150006804000250008310000320010824000250014024501000016526000290026530000210029470000400031570000330035595201110038899900170049900003974420201002033717.0130718s1981 sp 000 0 spa d a8449952441 aDO-SdBNPbspacBNPHU1 aSanta Cruz, Mercedes96593510aLa havanelEspañol13aLa Habana /cMercedes Santa Cruz ; traducción de Amalia E. Bacardí ; Pedro Laín Entralgo. aMadrid :b[s.n.],c1981. a403 p. ;c22 cm.1 aBacardí, Amalia E.,etrad.9659361 aLaín Entralgo, Pedro93059 001054708MOaGRbGRcCTd2013-07-18iLF1l0o p39744-10r2020-06-25w2020-06-25y4ZPréstamo en sala c39234d39234